LEADER 00980cam0-22003251i-450- 001 990000223570403321 005 20061219174422.0 035 $a000022357 035 $aFED01000022357 035 $a(Aleph)000022357FED01 035 $a000022357 100 $a20020821d1840----km-y0itay50------ba 101 0 $afre 102 $aFR 105 $ay-------001yy 200 1 $aSecrets modernes des arts et métiers$eouvrage comprenant les découvertes les plus récentes dans les arts industriels$frecueilli et mis en ordre par Pelouze 205 $a3e éd. 210 $aParis$cMaison$d1840 215 $a3 v.$d18 cm 307 $a2.: 467 p. ; 3.: 402 p. 676 $a670 700 1$aPelouze,$bEdmond$0297310 801 0$aIT$bUNINA$gRICA$2UNIMARC 901 $aBK 912 $a990000223570403321 952 $a13 AR 18 A 20$b3742$fFINBC 952 $a13 AR 18 A 21$b3743$fFINBC 959 $aFINBC 996 $aSecrets modernes des arts et métiers$9122958 997 $aUNINA LEADER 00889nam0-2200325---450- 001 990009198290403321 005 20100615104520.0 010 $a0898389704 035 $a000919829 035 $aFED01000919829 035 $a(Aleph)000919829FED01 035 $a000919829 100 $a20100615d1987----km-y0itay50------ba 101 0 $aeng 102 $aUS 105 $aa-------001yy 200 1 $aVirus infections and diabetes mellitus$fedited by Yechiel Becker 210 $aBoston$cNijhoff$d1987 215 $aVI, 264 p.$cill.$d24 cm 225 1 $aDevelopments in medical virology$v2 610 0 $aDiabete 676 $a616.462 702 1$aBecker,$bYechiel 801 0$aIT$bUNINA$gRICA$2UNIMARC 901 $aBK 912 $a990009198290403321 952 $aIG 17 L 20$b236$fDMIGI 959 $aDMIGI 996 $aVirus infections and diabetes mellitus$9775089 997 $aUNINA